Statistics for Districts of the Côte d'Ivoire

Click here to take the quiz!

General Stats

  • This quiz has been taken 19 times
  • The average score is 9 of 14

Answer Stats

PopulationDistrict% Correct
4,710,000Abidjan
100%
360,000Yamoussoukro
86%
1,480,000Lagunes
71%
2,370,000Montagnes
71%
2,280,000Bas-Sassandra
64%
1,200,000Comoé
64%
1,260,000Lacs
64%
2,290,000Sassandra-Marahoué
64%
1,610,000Savanes
64%
930,000Zanzan
64%
290,000Denguélé
57%
1,440,000Vallée du Bandama
57%
850,000Woroba
50%
1,610,000Gôh-Djiboua
36%

Score Distribution

Percentile by Number Answered

Percent of People with Each Score

Your Score History

You have not taken this quiz